| 000 | 02271nam a2200373 c 4500 | ||
|---|---|---|---|
| 003 | BLK | ||
| 005 | 20180421000542.0 | ||
| 008 | 180411b bul|||||r ||||||| ||bul|| | ||
| 010 | _aKNG00198145000 | ||
| 040 | _aBLK | ||
| 041 |
_aBUL _cBUL |
||
| 080 |
_aПолевъдство. Полски култури и производството им _b633 _x:631.5(063) _z633:631.5(063) |
||
| 110 | 1 |
_aЮбилейна науч. сес. 85 г. Институт по семезнание и семепроизводство Образцов чифлик-Русе 1905 - 1990. Русе. 190 _9344735 |
|
| 139 |
_aЮбилейна науч. сес. 85 г. Институт по семезнание и семепроизводство Образцов чифлик-Русе 1905 - 1990. Русе. 190 _bЮ 12 |
||
| 245 | 1 | 0 |
_aСелекция, семепроизводство и агротехника на полските култури, 14-15 ноем. 1990 г., Русе _bЧ. 1 - _nЧ. 1 _pДоклади, изнесени на пленарното заседание в заседанията на секцията по генетика и селекция на полските култури |
| 257 | _aBGR | ||
| 260 |
_аСофия _bСА _c1990 - |
||
| 300 | _c20 см | ||
| 380 | _a63 | ||
| 650 | 4 |
_aПолски култури - агротехника _9266053 |
|
| 651 | 4 |
_aОбразцов чифлик _9179295 |
|
| 653 | _aполски култури | ||
| 653 | _aселекция | ||
| 653 | _aгенетика | ||
| 653 | _aнаучни сесии | ||
| 653 | _aОбразцов чифлик | ||
| 653 | _aсемепроизводство | ||
| 760 | 1 |
_aЮбилейна науч. сес. 85 г. Институт по семезнание и семепроизводство Образцов чифлик-Русе 1905 - 1990. Русе. 190 _d1990 _h286 с. : с табл. _tЧ. 1 Доклади, изнесени на пленарното заседание в заседанията на секцията по генетика и селекция на полските култури |
|
| 852 | _aЦб 165380 | ||
| 856 | 4 |
_qpdf _u |
|
| 856 | 4 |
_qpdf _u |
|
| 942 |
_cKNG _n0 |
||
| 944 |
_aCR _c14.12.2016 _kВаля_Йорданова |
||
| 944 |
_aED _c14.12.2016 _kВаля_Йорданова |
||
| 999 |
_c189121 _d189121 |
||